| 000 | 00562nam a2200193 a 4500 | ||
|---|---|---|---|
| 005 | 20210219152216.0 | ||
| 008 | 991125s1978 es 000 0 spa u | ||
| 020 | _a8471121077 | ||
| 035 | _aUPN01000049499 | ||
| 049 | _aCG | ||
| 050 | 4 |
_aBF723 N3 _bM3.68 |
|
| 100 | 1 | _aMacfarlane, Aidan | |
| 245 | 1 | 0 |
_aPsicología del nacimiento / _cAidan Macfarlane ; tr. Fausto Ezcurra. |
| 260 |
_aMadrid : _bMorata, _c1978. |
||
| 300 | _a182 p. | ||
| 440 | 3 |
_aPsicología. _pEl desarrollo en el niño ; _v3. _pBruner |
|
| 650 | 4 |
_aNACIMIENTO - _xPSICOLOGIA |
|
| 905 | _aLibro | ||
| 999 |
_c49499 _d49499 |
||